Normal view
MARC view
- Launch complexes (Astronautics)
Entry Topical Term
001 - CONTROL NUMBER
- control field: 110641
003 - CONTROL NUMBER IDENTIFIER
- control field: NUST
005 - DATE AND TIME OF LATEST TRANSACTION
- control field: 20230320123341.0
008 - FIXED-LENGTH DATA ELEMENTS
- fixed length control field: 230320|| aca||aabn | a|a d
040 ## - CATALOGING SOURCE
- Original cataloging agency: NUST
- Transcribing agency: NUST
150 ## - HEADING--TOPICAL TERM
- Topical term or geographic name entry element: Launch complexes (Astronautics)
- Form subdivision: Directories
670 ## - SOURCE DATA FOUND
- Source citation: Work cat.: (NUST)0: Strom, Steven R. 110640, International launch site guide /, c2005.
